| 000 | 01233nam a2200253Ia 4500 | ||
|---|---|---|---|
| 003 | OSt | ||
| 005 | 20210430204429.0 | ||
| 008 | 210310t1972 mx gr 001 0 spa d | ||
| 040 |
_aCO-JMCR _cCO-JMCR |
||
| 041 | 1 |
_aspa _heng |
|
| 082 | 0 | 4 |
_a334.068 / _bC397m _223 |
| 110 | 2 |
_aCentro Regional de Ayuda Técnica (RTAC), Agencia para el Desarrollo Internacional (A.I.D) _937322 |
|
| 245 | 1 | 0 |
_aManual de administración básica de cooperativas / _cCentro Regional de Ayuda Técnica (RTAC), Agencia para el Desarrollo Internacional (A.I.D) ; versión en español de Gabriel Gardea |
| 250 | _aPrimera edición | ||
| 260 |
_aMéxico : _bEditorial Roble, _c©1972 |
||
| 300 |
_b93 páginas ; _c21 cm. |
||
| 500 | _aIncluye índice temático. Título original: A manual of basic co-op management | ||
| 504 | _aBibliografía: página 87 | ||
| 505 | 0 | _a¿Qué es cooperativa? -- Personal, equipo e instalación -- Compras e inventario -- Mercado y ventas -- Contabilidad básica -- Aspectos de la contabilidad de cooperativas -- Operaciones -- Principios de Administración | |
| 546 | _aTraducido del inglés. | ||
| 650 | 1 | 4 |
_aCooperativas _915429 _xAdministración |
| 700 | 1 |
_aGardea, Gabriel, _etraductor _915427 |
|
| 942 |
_2ddc _cBK |
||
| 999 |
_c7777 _d7777 |
||